000 00603nam a22001937a 4500
999 _c2826
_d2826
003 AR-CdUCM
008 190305b ||||| |||| 00| 0 spa d
040 _aMUNICIPALIDAD PROVINCIAL DEL CUSCO
_cBIBLIOTECA MUNICIPAL DEL CUSCO
082 _a858.11 /
_bAL42
100 _aAlighieri, Dante
_95764
245 _aLa divina comedia /
260 _aBarcelona :
_bRamon Sopena,
_c1969.
300 _a648 páginas ;
_c18 cm.
650 _aInfierno - purgatorio - paraiso
_99825
650 _aLiteratura italiana
_9615
700 _aPezuela, Juan de la (traductor)
_99826
942 _2ddc
_cLIBROS
945 _aafb